|
|
|
|
| LEADER |
02928nam a2200745 4500 |
| 001 |
ocn828424621 |
| 003 |
OCoLC |
| 005 |
20170124071607.2 |
| 006 |
m o d |
| 007 |
cr cnu---unuuu |
| 008 |
130225s2012 enk ob 001 0 eng d |
| 040 |
|
|
|a N$T
|b eng
|e pn
|c N$T
|d CDX
|d OCLCO
|d DG1
|d IDEBK
|d E7B
|d UMI
|d COO
|d DEBSZ
|d YDXCP
|d HEBIS
|d CCO
|d OCLCQ
|d OCLCF
|d OCLCQ
|d LOA
|d DG1
|d OCLCQ
|d OCLCO
|d GrThAP
|
| 019 |
|
|
|a 828617905
|a 857717624
|a 960200538
|a 961569505
|a 962708130
|
| 020 |
|
|
|a 9781118562024
|q (electronic bk.)
|
| 020 |
|
|
|a 111856202X
|q (electronic bk.)
|
| 020 |
|
|
|a 9781118586129
|q (electronic bk.)
|
| 020 |
|
|
|a 1118586123
|q (electronic bk.)
|
| 020 |
|
|
|a 9781299186965
|q (MyiLibrary)
|
| 020 |
|
|
|a 1299186963
|q (MyiLibrary)
|
| 020 |
|
|
|a 9781118586273
|
| 020 |
|
|
|a 1118586271
|
| 020 |
|
|
|z 9781848213616
|
| 020 |
|
|
|z 1848213611
|
| 029 |
1 |
|
|a AU@
|b 000050718461
|
| 029 |
1 |
|
|a AU@
|b 000052006138
|
| 029 |
1 |
|
|a CHNEW
|b 000600425
|
| 029 |
1 |
|
|a DEBBG
|b BV041432026
|
| 029 |
1 |
|
|a DEBBG
|b BV041912660
|
| 029 |
1 |
|
|a DEBSZ
|b 398279152
|
| 029 |
1 |
|
|a DKDLA
|b 820120-katalog:000696481
|
| 029 |
1 |
|
|a NZ1
|b 15915947
|
| 035 |
|
|
|a (OCoLC)828424621
|z (OCoLC)828617905
|z (OCoLC)857717624
|z (OCoLC)960200538
|z (OCoLC)961569505
|z (OCoLC)962708130
|
| 037 |
|
|
|a 449946
|b MIL
|
| 050 |
|
4 |
|a QA276.8
|b .B672 2012eb
|
| 072 |
|
7 |
|a MAT
|x 029000
|2 bisacsh
|
| 082 |
0 |
4 |
|a 519.5
|2 23
|
| 049 |
|
|
|a MAIN
|
| 100 |
1 |
|
|a Bosq, Denis,
|d 1939-
|
| 245 |
1 |
0 |
|a Mathematical statistics and stochastic processes /
|c Denis Bosq.
|
| 264 |
|
1 |
|a London :
|b ISTE ;
|c 2012.
|
| 264 |
|
1 |
|a Hoboken, NJ :
|b Wiley,
|c 2012.
|
| 300 |
|
|
|a 1 online resource (xi, 286 pages).
|
| 336 |
|
|
|a text
|b txt
|2 rdacontent
|
| 337 |
|
|
|a computer
|b c
|2 rdamedia
|
| 338 |
|
|
|a online resource
|b cr
|2 rdacarrier
|
| 490 |
1 |
|
|a Applied stochastic methods series
|
| 504 |
|
|
|a Includes bibliographical references and index.
|
| 588 |
0 |
|
|a Print version record.
|
| 505 |
0 |
|
|a pt. 1. Mathematical statistics -- pt. 2. Statistics for stochastic processes -- pt. 3. Supplement.
|
| 650 |
|
0 |
|a Mathematical statistics.
|
| 650 |
|
0 |
|a Stochastic processes.
|
| 650 |
|
4 |
|a Mathematical statistics.
|
| 650 |
|
4 |
|a Stochastic processes.
|
| 650 |
|
7 |
|a MATHEMATICS
|x Probability & Statistics
|x General.
|2 bisacsh
|
| 650 |
|
7 |
|a Mathematical statistics.
|2 fast
|0 (OCoLC)fst01012127
|
| 650 |
|
7 |
|a Stochastic processes.
|2 fast
|0 (OCoLC)fst01133519
|
| 650 |
|
7 |
|a Statistik
|2 gnd
|
| 650 |
|
7 |
|a Stochastischer Prozess
|2 gnd
|
| 650 |
|
7 |
|a Mathematical statistics.
|2 local
|
| 650 |
|
7 |
|a Stochastic processes.
|2 local
|
| 655 |
|
4 |
|a Electronic books.
|
| 776 |
0 |
8 |
|i Print version:
|a Bosq, Denis, 1939-
|t Mathematical statistics and stochastic processes.
|d London : ISTE ; Hoboken, NJ : Wiley, 2012
|z 9781848213616
|w (DLC) 2012006812
|w (OCoLC)781277899
|
| 830 |
|
0 |
|a Applied stochastic methods series.
|
| 856 |
4 |
0 |
|u https://doi.org/10.1002/9781118562024
|z Full Text via HEAL-Link
|
| 994 |
|
|
|a 92
|b DG1
|